| 000 | 00704nam a22001817a 4500 | ||
|---|---|---|---|
| 005 | 20140729102507.0 | ||
| 008 | 130724b2011 ck ||||| |||| 00| 0 spa d | ||
| 041 | _aspa | ||
| 044 | _ack | ||
| 084 | 0 | 4 | _a333.95 |
| 245 |
_aMemorando de entendimiento para la implementación del plan de acción del sistema nacional de áreas protegidas _b"Hacia un sistema completo, ecológicamente representativo y efectivamente gestionado" |
||
| 260 |
_aBogotá : _bParques Nacionales Naturales de Colombia _c2011 |
||
| 300 |
_a76 p. _bil. _c20 cm. |
||
| 650 | 4 |
_aPlan de acción _925119 |
|
| 650 | 4 |
_aÁreas protegidas _zColombia _925120 |
|
| 710 |
_aParques Nacionales Naturales de Colombia _925121 |
||
| 942 |
_2ddc _cLIBRO |
||
| 999 |
_c7448 _d7448 |
||